[Event "8. Open Internacional Miquel Mas"]
[Site "Figueres ESP"]
[Date "2007.08.11"]
[Round "4.4"]
[White "Mohota, Nisha"]
[Black "Evdokimov, Alexander"]
[Result "0-1"]
[WhiteElo "2332"]
[BlackElo "2544"]
[PlyCount "164"]
[EventDate "2007.08.08"]
[EventType "swiss"]
[EventRounds "9"]
[EventCountry "ESP"]
[Source "lmi"]
[SourceDate "2007.08.08"]

1. d4 Nf6 2. c4 c5 3. d5 g6 4. Nc3 Bg7 5. e4 O-O 6. Nf3 d6 7. Bd3 e6 8. O-O
exd5 9. exd5 Bg4 10. h3 Bxf3 11. Qxf3 Nbd7 12. Qd1 Ne8 13. Bd2 a6 14. a4 Bd4
15. Kh1 Ng7 16. Be2 Re8 17. Qc2 Qh4 18. Be1 Qf4 19. g3 Qf6 20. Kg2 Nf5 21. Bg4
Ne5 22. Bxf5 gxf5 23. Ne2 Ng6 24. Ra3 Re4 25. Bc3 Bxc3 26. Rxc3 Rae8 27. Ng1 f4
28. Qb3 fxg3 29. Rxg3 R8e7 30. Qc3 Qxc3 31. Rxc3 b5 32. axb5 axb5 33. b3 Ra7
34. Nf3 Ra3 35. cxb5 Rb4 36. Nd2 Rxb5 37. Re1 Kf8 38. Re4 Rb7 39. Rce3 Re7 40.
Kf3 Ne5+ 41. Ke2 Ra2 42. Kd1 Rea7 43. f4 Ng6 44. Re8+ Kg7 45. Rg3 f5 46. Re6
Rb2 47. Ree3 Kf7 48. Rgf3 Ra1+ 49. Ke2 Rh1 50. Rf2 Ne7 51. Rd3 Ng8 52. Rf1 Rh2+
53. Rf2 Rh1 54. Rf1 Rxf1 55. Kxf1 Nf6 56. Ke1 Ra2 57. Kd1 Ra1+ 58. Kc2 Ke7 59.
Kb2 Rh1 60. b4 cxb4 61. Kb3 Rc1 62. Kxb4 Rc5 63. Kb3 Rxd5 64. Kc4 Rxd3 65. Kxd3
Nd5 66. h4 Nxf4+ 67. Kd4 Ne6+ 68. Kd5 Nf4+ 69. Kd4 h6 70. Nf3 Ke6 71. Ke3 Nd5+
72. Kd3 Kf6 73. Kc4 Ne7 74. Kd4 Ke6 75. Ke3 Nc6 76. Kf4 d5 77. Ke3 Kf6 78. Ne1
d4+ 79. Kf4 Ne5 80. Ng2 h5 81. Kg3 Ng6 82. Kf3 Ke5 0-1

[Event "8. Open Internacional Miquel Mas"]
[Site "Figueres ESP"]
[Date "2007.08.11"]
[Round "4.5"]
[White "Solodovnichenko, Yuri"]
[Black "Ramiro Ovejero, Juan Luis"]
[Result "1-0"]
[WhiteElo "2582"]
[BlackElo "2329"]
[PlyCount "113"]
[EventDate "2007.08.08"]
[EventType "swiss"]
[EventRounds "9"]
[EventCountry "ESP"]
[Source "lmi"]
[SourceDate "2007.08.08"]

1. e4 d5 2. exd5 Qxd5 3. Nc3 Qa5 4. d4 Nf6 5. Nf3 Ne4 6. Bd3 Nxc3 7. bxc3 g6 8.
O-O Bg7 9. Re1 O-O 10. Bd2 Nc6 11. c4 Qa3 12. d5 Nb4 13. Ne5 Nxd3 14. cxd3 a5
15. Bc1 Qc3 16. Bf4 e6 17. d4 a4 18. Rc1 Qa5 19. dxe6 Bxe6 20. d5 Bf5 21. g4 f6
22. gxf5 fxe5 23. Bxe5 Rxf5 24. Bxg7 Kxg7 25. Qd4+ Kg8 26. Re7 Rf7 27. Rxf7
Kxf7 28. c5 Re8 29. Kg2 Qa6 30. c6 bxc6 31. Rxc6 Qa5 32. Rc5 Re4 33. Rxc7+ Qxc7
34. Qxe4 Qd6 35. f4 Kf6 36. Qd4+ Kf7 37. Qe5 Qd7 38. Kg3 h5 39. h3 Qc8 40. d6
Qd8 41. Qd5+ Kg7 42. d7 Kf8 43. Qd6+ Kf7 44. a3 Kg7 45. Qd4+ Kh6 46. Qxa4 Qb6
47. Kf3 Qd6 48. Ke4 Qe6+ 49. Kd4 Qd6+ 50. Kc3 Qc5+ 51. Kb2 Qf2+ 52. Qc2 Qb6+
53. Kc1 Qe3+ 54. Kb1 Qb6+ 55. Qb2 Qd8 56. Qd4 Kh7 57. Qd6 1-0

[Event "8. Open Internacional Miquel Mas"]
[Site "Figueres ESP"]
[Date "2007.08.11"]
[Round "4.14"]
[White "Saimeera, M."]
[Black "Anton, Gregory"]
[Result "1-0"]
[WhiteElo "2191"]
[BlackElo "1927"]
[PlyCount "51"]
[EventDate "2007.08.08"]
[EventType "swiss"]
[EventRounds "9"]
[EventCountry "ESP"]
[Source "lmi"]
[SourceDate "2007.08.08"]

1. e4 c5 2. Nc3 d6 3. f4 Nc6 4. Nf3 e6 5. Bb5 Bd7 6. O-O g6 7. d4 cxd4 8. Nxd4
Bg7 9. Be3 Nge7 10. Nb3 a6 11. Be2 Qc7 12. Qd2 Rd8 13. Rad1 Nc8 14. f5 O-O 15.
f6 Bh8 16. Bh6 Rfe8 17. Qg5 Ne5 18. Rf4 Bc6 19. Rh4 b5 20. Rf1 Nb6 21. Bf8 Bxf6
22. Rxf6 Rxf8 23. Qh6 Rfe8 24. Nd4 Ba8 25. Qxh7+ Kf8 26. Rxe6 1-0

[Event "8. Open Internacional Miquel Mas"]
[Site "Figueres ESP"]
[Date "2007.08.11"]
[Round "4.19"]
[White "Serra Pages, Jordi"]
[Black "Carramiñana Lopez, Luis Antonio"]
[Result "1-0"]
[WhiteElo "2255"]
[BlackElo "2039"]
[PlyCount "65"]
[EventDate "2007.08.08"]
[EventType "swiss"]
[EventRounds "9"]
[EventCountry "ESP"]
[Source "lmi"]
[SourceDate "2007.08.08"]

1. Nf3 Nf6 2. d4 c5 3. c4 cxd4 4. Nxd4 e5 5. Nb5 d5 6. cxd5 Bc5 7. e3 O-O 8.
N5c3 e4 9. Be2 Bf5 10. a3 Qe7 11. b4 Bd6 12. Ra2 a5 13. bxa5 Rd8 14. Nb5 Rxa5
15. Bd2 Ra8 16. Nxd6 Qxd6 17. Bb4 Qe5 18. Bc3 Qe7 19. Rd2 Nbd7 20. Bb4 Qe5 21.
Nc3 Nb6 22. d6 Rac8 23. Rd4 Ne8 24. O-O Rc6 25. Nb5 Qf6 26. Na7 Qg5 27. Kh1 Nd7
28. Nxc6 bxc6 29. Qc1 Ne5 30. Qc5 f6 31. Bc4+ Kh8 32. d7 Nf3 33. Qf8# 1-0

[Event "8. Open Internacional Miquel Mas"]
[Site "Figueres ESP"]
[Date "2007.08.11"]
[Round "4.31"]
[White "Alonso Jimenez, Joan"]
[Black "Vidal Palou, Jordi"]
[Result "1-0"]
[WhiteElo "2060"]
[BlackElo "1621"]
[PlyCount "59"]
[EventDate "2007.08.08"]
[EventType "swiss"]
[EventRounds "9"]
[EventCountry "ESP"]
[Source "lmi"]
[SourceDate "2007.08.08"]

1. Nc3 g6 2. d4 Bg7 3. e4 d6 4. Be2 Nf6 5. Nf3 O-O 6. h3 c6 7. a4 a5 8. O-O
Nbd7 9. Re1 e5 10. dxe5 dxe5 11. Be3 Nh5 12. Qd6 Re8 13. Rad1 Bf8 14. Qd2 Qc7
15. Bc4 Ndf6 16. Ng5 Be6 17. Nxe6 fxe6 18. g3 Bb4 19. Bg5 Rad8 20. Qe3 Qe7 21.
Kg2 Kh8 22. g4 Ng7 23. f4 Rxd1 24. Rxd1 exf4 25. Qxf4 Rg8 26. Rf1 Nge8 27. e5
h6 28. Bxf6+ Nxf6 29. exf6 Qh7 30. f7 1-0

[Event "8. Open Internacional Miquel Mas"]
[Site "Figueres ESP"]
[Date "2007.08.11"]
[Round "5.1"]
[White "Granados Gomez, Manuel"]
[Black "Iljushin, Alexei"]
[Result "0-1"]
[WhiteElo "2417"]
[BlackElo "2520"]
[PlyCount "82"]
[EventDate "2007.08.08"]
[EventType "swiss"]
[EventRounds "9"]
[EventCountry "ESP"]
[Source "lmi"]
[SourceDate "2007.08.08"]

1. e4 c5 2. c4 Nc6 3. Nc3 g6 4. g3 Bg7 5. Bg2 d6 6. d3 h5 7. h4 Nf6 8. Nge2 O-O
9. O-O Rb8 10. Bg5 a6 11. Qd2 Ne5 12. Rad1 Re8 13. b3 Bg4 14. f3 Bd7 15. d4
cxd4 16. Nxd4 b5 17. cxb5 axb5 18. Nd5 Nxd5 19. exd5 b4 20. Kh1 Qb6 21. Be3 Qa6
22. f4 Ng4 23. Bg1 Nh6 24. Nc6 Bxc6 25. dxc6 Nf5 26. Kh2 Bc3 27. Qc2 e6 28. Be4
d5 29. Bxf5 exf5 30. Kh3 Qxc6 31. Rd3 Rbc8 32. Rfd1 Qa8 33. Qg2 Qa6 34. Rxd5
Re2 35. Rd8+ Kg7 36. Qf3 Rxd8 37. Rxd8 Rxa2 38. Bd4+ Bxd4 39. Rxd4 Qa3 40. Qe3
Qb2 41. Qg1 Qe2 0-1

[Event "8. Open Internacional Miquel Mas"]
[Site "Figueres ESP"]
[Date "2007.08.11"]
[Round "5.2"]
[White "Kasparov, Sergey"]
[Black "Marholev, Dimitar"]
[Result "1/2-1/2"]
[WhiteElo "2500"]
[BlackElo "2402"]
[PlyCount "39"]
[EventDate "2007.08.08"]
[EventType "swiss"]
[EventRounds "9"]
[EventCountry "ESP"]
[Source "lmi"]
[SourceDate "2007.08.08"]

1. e4 e5 2. Nf3 Nc6 3. Bb5 a6 4. Bxc6 dxc6 5. O-O f6 6. d4 exd4 7. Nxd4 c5 8.
Ne2 Qxd1 9. Rxd1 Bd7 10. Be3 O-O-O 11. Nbc3 Bd6 12. Bf4 Bxf4 13. Nxf4 Ne7 14.
f3 Nc6 15. Ncd5 f5 16. exf5 Bxf5 17. Ne3 Bd7 18. Kf2 Rhf8 19. Ne2 Rde8 20. Ng3
1/2-1/2

[Event "8. Open Internacional Miquel Mas"]
[Site "Figueres ESP"]
[Date "2007.08.11"]
[Round "5.3"]
[White "Evdokimov, Alexander"]
[Black "Solodovnichenko, Yuri"]
[Result "1/2-1/2"]
[WhiteElo "2544"]
[BlackElo "2582"]
[PlyCount "32"]
[EventDate "2007.08.08"]
[EventType "swiss"]
[EventRounds "9"]
[EventCountry "ESP"]
[Source "lmi"]
[SourceDate "2007.08.08"]

1. d4 d5 2. c4 dxc4 3. Nf3 e6 4. e3 a6 5. Bxc4 c5 6. O-O Nf6 7. dxc5 Bxc5 8.
Qxd8+ Kxd8 9. Nbd2 Ke7 10. Be2 Bd7 11. Nb3 Ba7 12. Bd2 Nc6 13. Rfd1 Rhd8 14.
Be1 Be8 15. Rxd8 Rxd8 16. Rd1 Rxd1 1/2-1/2

[Event "8. Open Internacional Miquel Mas"]
[Site "Figueres ESP"]
[Date "2007.08.11"]
[Round "5.4"]
[White "Vilela de Acuna, Jose Luis"]
[Black "Roeder, Mathias"]
[Result "1/2-1/2"]
[WhiteElo "2346"]
[BlackElo "2444"]
[PlyCount "29"]
[EventDate "2007.08.08"]
[EventType "swiss"]
[EventRounds "9"]
[EventCountry "ESP"]
[Source "lmi"]
[SourceDate "2007.08.08"]

1. d4 Nf6 2. c4 e6 3. Nf3 b6 4. g3 Bb4+ 5. Bd2 Bxd2+ 6. Qxd2 Ba6 7. b3 c6 8.
Nc3 d5 9. e4 Nxe4 10. Nxe4 dxe4 11. Ng5 Nd7 12. Nxe4 Nf6 13. Bg2 Nxe4 14. Bxe4
Qd6 15. O-O 1/2-1/2

[Event "8. Open Internacional Miquel Mas"]
[Site "Figueres ESP"]
[Date "2007.08.11"]
[Round "5.5"]
[White "Jerez Perez, Alfonso"]
[Black "Baños Oscar, Francisco"]
[Result "0-1"]
[WhiteElo "2397"]
[BlackElo "2260"]
[PlyCount "56"]
[EventDate "2007.08.08"]
[EventType "swiss"]
[EventRounds "9"]
[EventCountry "ESP"]
[Source "lmi"]
[SourceDate "2007.08.08"]

1. e4 g6 2. d4 d6 3. Nc3 Bg7 4. Bg5 a6 5. f4 b5 6. Nf3 Nd7 7. Be2 c5 8. d5
Bxc3+ 9. bxc3 Qa5 10. Qd3 Nb6 11. O-O Na4 12. c4 Bd7 13. Nd2 Qc3 14. Rfe1 f6
15. Bh4 Nh6 16. Bf3 Nf7 17. Rab1 g5 18. fxg5 fxg5 19. Bg3 g4 20. Bd1 O-O 21.
Rb3 Qg7 22. e5 Nxe5 23. Qe2 b4 24. Nb1 Nb6 25. Re3 Rac8 26. c3 a5 27. a3 Bf5
28. cxb4 Bxb1 0-1

[Event "8. Open Internacional Miquel Mas"]
[Site "Figueres ESP"]
[Date "2007.08.11"]
[Round "5.10"]
[White "Casanellas Ruano, Lluis"]
[Black "Ramaswamy, Aarthie"]
[Result "1/2-1/2"]
[WhiteElo "2091"]
[BlackElo "2281"]
[PlyCount "44"]
[EventDate "2007.08.08"]
[EventType "swiss"]
[EventRounds "9"]
[EventCountry "ESP"]
[Source "lmi"]
[SourceDate "2007.08.08"]

1. e4 c5 2. Nf3 Nc6 3. d4 cxd4 4. Nxd4 Nf6 5. Nc3 d6 6. Be2 e5 7. Nb3 Be7 8.
O-O O-O 9. f4 a5 10. Be3 a4 11. Nd2 a3 12. b3 exf4 13. Rxf4 d5 14. Nxd5 Nxd5
15. exd5 Qxd5 16. Nc4 Qxd1+ 17. Rxd1 Bg5 18. Rf2 Bxe3 19. Nxe3 Be6 20. Bf3 Rad8
21. Bxc6 bxc6 22. Rfd2 Ra8 1/2-1/2

[Event "8. Open Internacional Miquel Mas"]
[Site "Figueres ESP"]
[Date "2007.08.11"]
[Round "5.13"]
[White "Ramiro Ovejero, Juan Luis"]
[Black "Negre Moret, Albert"]
[Result "1-0"]
[WhiteElo "2329"]
[BlackElo "2098"]
[PlyCount "87"]
[EventDate "2007.08.08"]
[EventType "swiss"]
[EventRounds "9"]
[EventCountry "ESP"]
[Source "lmi"]
[SourceDate "2007.08.08"]

1. e4 e5 2. Nf3 Nc6 3. Bc4 Nf6 4. d3 Bc5 5. Nc3 d6 6. Bg5 h6 7. Bxf6 Qxf6 8.
Nd5 Qd8 9. c3 a6 10. d4 Ba7 11. dxe5 Nxe5 12. Nxe5 dxe5 13. Qh5 O-O 14. Qxe5
Be6 15. O-O-O Qg5+ 16. Qxg5 hxg5 17. h4 Bxd5 18. Rxd5 gxh4 19. Rf5 g6 20. Rf3
Kg7 21. Rxh4 Rae8 22. Rhf4 Re7 23. e5 c6 24. Rf6 b5 25. Bb3 c5 26. Bd5 c4 27.
e6 a5 28. Rxf7+ Rexf7 29. exf7 Bc5 30. Rf4 Rh8 31. Bc6 b4 32. cxb4 axb4 33.
Rxc4 Bxf2 34. Rxb4 Be3+ 35. Kc2 Kxf7 36. Bf3 Rd8 37. a4 Rd7 38. a5 Bc5 39. Rc4
Bg1 40. a6 Ke7 41. Bb7 g5 42. b4 Kd6 43. Rc6+ Ke5 44. Rc5+ 1-0

[Event "8. Open Internacional Miquel Mas"]
[Site "Figueres ESP"]
[Date "2007.08.11"]
[Round "5.22"]
[White "Sabria Batlle, Pol"]
[Black "Lillo Castan, Victor"]
[Result "1-0"]
[WhiteElo "1951"]
[BlackElo "2067"]
[PlyCount "117"]
[EventDate "2007.08.08"]
[EventType "swiss"]
[EventRounds "9"]
[EventCountry "ESP"]
[Source "lmi"]
[SourceDate "2007.08.08"]

1. d4 Nf6 2. c4 e6 3. Nc3 Bb4 4. a3 Bxc3+ 5. bxc3 O-O 6. f3 d5 7. cxd5 exd5 8.
e3 b6 9. Bd3 Ba6 10. Ne2 Qc8 11. O-O Bxd3 12. Qxd3 Qa6 13. Qxa6 Nxa6 14. Ng3
Rfe8 15. Re1 c5 16. Bb2 Rac8 17. Re2 Nc7 18. Rae1 Ne6 19. Nf5 Rc7 20. g3 Rd7
21. e4 dxe4 22. fxe4 Ng5 23. Kg2 Ngxe4 24. dxc5 bxc5 25. c4 Red8 26. Nxg7 Kxg7
27. Rxe4 Rd2+ 28. R4e2 Kg6 29. Bxf6 Kxf6 30. Kf2 R8d4 31. Rxd2 Rxd2+ 32. Re2
Rd3 33. Rb2 Rc3 34. Rb7 Rxc4 35. Rxa7 Rc3 36. Rc7 Ke6 37. a4 h5 38. a5 c4 39.
a6 Kd5 40. a7 Ra3 41. Ke2 Kd4 42. Rd7+ Kc3 43. Rxf7 Ra2+ 44. Ke3 Kb3 45. Rb7+
Kc3 46. h3 Ra6 47. g4 hxg4 48. hxg4 Kc2 49. Kd4 c3 50. Rc7 Rd6+ 51. Kc5 Ra6 52.
Kb4 Kb2 53. Rxc3 Rxa7 54. Rg3 Kc2 55. Kc4 Kd2 56. Kd4 Ke2 57. Ke4 Kf2 58. Rb3
Rf7 59. g5 1-0

[Event "8. Open Internacional Miquel Mas"]
[Site "Figueres ESP"]
[Date "2007.08.11"]
[Round "5.23"]
[White "Anton, Gregory"]
[Black "Alonso, Joan"]
[Result "1/2-1/2"]
[WhiteElo "1927"]
[BlackElo "2060"]
[PlyCount "39"]
[EventDate "2007.08.08"]
[EventType "swiss"]
[EventRounds "9"]
[EventCountry "ESP"]
[Source "lmi"]
[SourceDate "2007.08.08"]

1. e4 c5 2. Nc3 Nc6 3. f4 g6 4. Nf3 Bg7 5. Bc4 e6 6. O-O Nge7 7. d3 O-O 8. Qe1
d5 9. Bb3 Nd4 10. Kh1 Nxb3 11. axb3 Nc6 12. e5 Bd7 13. Bd2 Nb4 14. Rc1 b5 15.
Qg3 f6 16. Ne2 Nc6 17. d4 cxd4 18. Nexd4 Nxd4 19. Nxd4 Qc7 20. Bb4 1/2-1/2

[Event "8. Open Internacional Miquel Mas"]
[Site "Figueres ESP"]
[Date "2007.08.11"]
[Round "5.24"]
[White "Lazaro, Angel"]
[Black "Perez Lopez, Alfonso"]
[Result "1-0"]
[WhiteElo "2058"]
[BlackElo "1917"]
[PlyCount "69"]
[EventDate "2007.08.08"]
[EventType "swiss"]
[EventRounds "9"]
[EventCountry "ESP"]
[Source "lmi"]
[SourceDate "2007.08.08"]

1. Nf3 d5 2. g3 c5 3. Bg2 Nc6 4. d4 Nf6 5. O-O g6 6. dxc5 Qa5 7. Nc3 Qxc5 8.
Be3 Qa5 9. Nd4 e6 10. Nb3 Qd8 11. Bf4 a6 12. e4 d4 13. Nxd4 Nxd4 14. Be5 Bg7
15. Bxd4 O-O 16. Na4 Bd7 17. Nb6 Rb8 18. Bxf6 Qxb6 19. Bxg7 Kxg7 20. Qxd7 Rfd8
21. Qa4 Rd2 22. Qb3 Qd4 23. c3 Qd7 24. Rad1 Rd8 25. Rxd2 Qxd2 26. Bf3 Qg5 27.
Rd1 b5 28. Rxd8 Qxd8 29. Qd1 Qc7 30. e5 Qc4 31. a3 Qc5 32. Qd6 Qc8 33. Bc6 h5
34. h4 Kg8 35. Qd7 1-0

[Event "8. Open Internacional Miquel Mas"]
[Site "Figueres ESP"]
[Date "2007.08.11"]
[Round "5.33"]
[White "Carramiñana Lopez, Luis Antonio"]
[Black "Gallego Terris, Rafael"]
[Result "1/2-1/2"]
[WhiteElo "2039"]
[BlackElo "2027"]
[PlyCount "40"]
[EventDate "2007.08.08"]
[EventType "swiss"]
[EventRounds "9"]
[EventCountry "ESP"]
[Source "lmi"]
[SourceDate "2007.08.08"]

1. e4 d5 2. exd5 Qxd5 3. Nc3 Qa5 4. d4 Nf6 5. Bd2 c6 6. Bc4 Bf5 7. Nf3 e6 8.
Qe2 Nbd7 9. Nd5 Qd8 10. Nxf6+ Qxf6 11. O-O-O Bd6 12. Rhe1 O-O 13. Ne5 Nb6 14.
Bd3 Bxd3 15. Qxd3 Rad8 16. Qg3 h6 17. Kb1 Nc4 18. f4 Bxe5 19. dxe5 Nxd2+ 20.
Rxd2 Qe7 1/2-1/2

[Event "8. Open Internacional Miquel Mas"]
[Site "Figueres ESP"]
[Date "2007.08.12"]
[Round "6.1"]
[White "Iljushin, Alexei"]
[Black "Marholev, Dimitar"]
[Result "1-0"]
[WhiteElo "2520"]
[BlackElo "2402"]
[PlyCount "95"]
[EventDate "2007.08.08"]
[EventType "swiss"]
[EventRounds "9"]
[EventCountry "ESP"]
[Source "lmi"]
[SourceDate "2007.08.08"]

1. d4 Nf6 2. c4 g6 3. Nc3 Bg7 4. e4 d6 5. f3 O-O 6. Nge2 c5 7. d5 e6 8. Ng3
exd5 9. cxd5 a6 10. a4 Nbd7 11. Be2 h5 12. Bg5 Qc7 13. Qd2 Nh7 14. Bh6 h4 15.
Bxg7 Kxg7 16. Nf1 Qd8 17. Ne3 f5 18. exf5 gxf5 19. f4 Ndf6 20. O-O Bd7 21. Nc4
Ne8 22. a5 Rb8 23. Nb6 Nc7 24. b4 cxb4 25. Qd4+ Nf6 26. Qxb4 Be8 27. Bd3 Bg6
28. Rae1 Re8 29. h3 Nh5 30. Rxe8 Nxe8 31. Re1 Kh7 32. Be2 Ng3 33. Bf3 Qc7 34.
Ne2 Nf6 35. Kh2 Nfe4 36. Bxe4 Nxe4 37. Nd4 Rg8 38. Ne6 Qe7 39. Ng5+ Kh6 40. Nc4
Qf6 41. Nxe4 fxe4 42. Qd2 Bf5 43. Ne3 Rg3 44. Qd4 Kg6 45. Nxf5 Qxf5 46. Rxe4
Ra3 47. Re6+ Kf7 48. Qc4 1-0

[Event "8. Open Internacional Miquel Mas"]
[Site "Figueres ESP"]
[Date "2007.08.12"]
[Round "6.2"]
[White "Solodovnichenko, Yuri"]
[Black "Vilela de Acuna, Jose Luis"]
[Result "1-0"]
[WhiteElo "2582"]
[BlackElo "2346"]
[PlyCount "35"]
[EventDate "2007.08.08"]
[EventType "swiss"]
[EventRounds "9"]
[EventCountry "ESP"]
[Source "lmi"]
[SourceDate "2007.08.08"]

1. e4 e6 2. d4 d5 3. Nc3 Bb4 4. e5 b6 5. a3 Bf8 6. b4 c5 7. bxc5 bxc5 8. Nf3
Ne7 9. Nb5 Nf5 10. Bg5 Qd7 11. c4 Ba6 12. Rb1 h6 13. Bd2 Bxb5 14. Rxb5 a6 15.
Rb6 Nc6 16. cxd5 exd5 17. Bxa6 Qc7 18. Rb7 1-0

[Event "8. Open Internacional Miquel Mas"]
[Site "Figueres ESP"]
[Date "2007.08.12"]
[Round "6.3"]
[White "Macet, Julien"]
[Black "Evdokimov, Alexander"]
[Result "0-1"]
[WhiteElo "2268"]
[BlackElo "2544"]
[PlyCount "160"]
[EventDate "2007.08.08"]
[EventType "swiss"]
[EventRounds "9"]
[EventCountry "ESP"]
[Source "lmi"]
[SourceDate "2007.08.08"]

1. d4 Nf6 2. Nf3 c5 3. d5 g6 4. Nc3 Bg7 5. e4 O-O 6. h3 d6 7. Be3 b5 8. e5 dxe5
9. Bxb5 e4 10. Ne5 Bb7 11. Nc6 Qc7 12. Bxc5 Nxc6 13. dxc6 Bxc6 14. Bxc6 Qxc6
15. Bxe7 Rfe8 16. Qd6 Rac8 17. Qxc6 Rxc6 18. Bxf6 Bxf6 19. O-O-O Rb8 20. Rd5
Rcb6 21. Nxe4 Bxb2+ 22. Kd2 Ra6 23. Rd1 Rxa2 24. Ke2 Rb4 25. Rd8+ Kg7 26. Nd6
Be5 27. Rc8 Rbb2 28. Ne8+ Kh6 29. Kd3 Ra3+ 30. Ke4 Bc3 31. g4 Rb4+ 32. Kf3 Be5+
33. Kg2 Rf4 34. Re1 Bd4 35. Re2 Raf3 36. Nd6 Rxf2+ 37. Rxf2 Rxf2+ 38. Kg3 Rf1
39. Ne4 Be5+ 40. Kg2 Rf4 41. Nf2 Bd4 42. Nd3 Re4 43. Rc4 f5 44. gxf5 gxf5 45.
Kf3 Kg5 46. Rc7 h5 47. Rc4 h4 48. Rc8 Re3+ 49. Kg2 Re2+ 50. Kh1 Re7 51. Rg8+
Kf6 52. Rh8 Re4 53. Rf8+ Ke6 54. Kg2 Bb6 55. Rh8 Rc4 56. Kf3 Bc7 57. Rh6+ Ke7
58. Ra6 Bb6 59. Ra2 Kd6 60. Rb2 Ke6 61. Nf4+ Kf7 62. Rb5 Rc5 63. Rb2 Rc3+ 64.
Nd3 Kf6 65. Ra2 Rc4 66. Rb2 Kg5 67. Ra2 Re4 68. Rb2 Re3+ 69. Kg2 Rg3+ 70. Kh2
Bg1+ 71. Kh1 Bd4 72. Rb4 Rxh3+ 73. Kg2 Rg3+ 74. Kh2 Bg1+ 75. Kh1 Bb6 76. Ne5
Rc3 77. Nf7+ Kf6 78. Nd6 Bc5 79. Ne8+ Kf7 80. Rb8 Be7 0-1

[Event "8. Open Internacional Miquel Mas"]
[Site "Figueres ESP"]
[Date "2007.08.12"]
[Round "6.4"]
[White "Mohota, Nisha"]
[Black "Kasparov, Sergey"]
[Result "0-1"]
[WhiteElo "2332"]
[BlackElo "2500"]
[PlyCount "72"]
[EventDate "2007.08.08"]
[EventType "swiss"]
[EventRounds "9"]
[EventCountry "ESP"]
[Source "lmi"]
[SourceDate "2007.08.08"]

1. d4 Nf6 2. Nf3 c5 3. d5 d6 4. Nc3 g6 5. e4 Bg7 6. Be2 O-O 7. O-O e6 8. Bf4
exd5 9. exd5 Bg4 10. h3 Bxf3 11. Bxf3 a6 12. a4 Qc7 13. Re1 Nbd7 14. g4 Nb6 15.
Be2 Rae8 16. Qd3 Nfd7 17. a5 Nc8 18. Qd2 Nf6 19. Ra4 Nd7 20. Kg2 Qd8 21. Bg5
Bf6 22. Bh6 Bg7 23. Be3 Ne7 24. h4 f5 25. g5 Ne5 26. Rh1 Qd7 27. Rf4 Ng4 28.
Bxg4 fxg4 29. Rxf8+ Rxf8 30. Ne4 Qf5 31. Nxd6 Qf3+ 32. Kg1 Nxd5 33. Nc4 g3 34.
Bxc5 gxf2+ 35. Bxf2 Qg4+ 36. Kh2 Qxc4 0-1

[Event "8. Open Internacional Miquel Mas"]
[Site "Figueres ESP"]
[Date "2007.08.12"]
[Round "6.5"]
[White "Baños Oscar, Francisco"]
[Black "Granados Gomez, Manuel"]
[Result "1/2-1/2"]
[WhiteElo "2260"]
[BlackElo "2417"]
[PlyCount "49"]
[EventDate "2007.08.08"]
[EventType "swiss"]
[EventRounds "9"]
[EventCountry "ESP"]
[Source "lmi"]
[SourceDate "2007.08.08"]

1. d4 d5 2. Nf3 Nf6 3. c4 e6 4. g3 dxc4 5. Bg2 a6 6. O-O Nc6 7. Ne5 Nxe5 8.
dxe5 Qxd1 9. Rxd1 Nd7 10. f4 Bc5+ 11. Kf1 Rb8 12. a4 Ke7 13. Nd2 b5 14. axb5
axb5 15. b3 Nb6 16. bxc4 Rd8 17. Ke1 bxc4 18. Ba3 Bxa3 19. Rxa3 Bb7 20. Bxb7
Rxb7 21. Rc1 Rd5 22. Rac3 Rc5 23. Nb3 Rd5 24. Nd2 c5 25. Nb3 1/2-1/2

[Event "8. Open Internacional Miquel Mas"]
[Site "Figueres ESP"]
[Date "2007.08.12"]
[Round "6.6"]
[White "Mundet Riera, Jaume"]
[Black "Bergez, Luc"]
[Result "1/2-1/2"]
[WhiteElo "2171"]
[BlackElo "2373"]
[PlyCount "82"]
[EventDate "2007.08.08"]
[EventType "swiss"]
[EventRounds "9"]
[EventCountry "ESP"]
[Source "lmi"]
[SourceDate "2007.08.08"]

1. d4 c5 2. Nf3 cxd4 3. Nxd4 d5 4. c4 Nc6 5. e3 e6 6. Nc3 Nf6 7. Be2 Be7 8. O-O
O-O 9. b3 e5 10. Nxc6 bxc6 11. cxd5 cxd5 12. Bb2 Bb7 13. Rc1 Rc8 14. Na4 Qd6
15. Rxc8 Rxc8 16. Qa1 Nd7 17. Rc1 Bc6 18. Bb5 Rc7 19. Bxc6 Rxc6 20. Rxc6 Qxc6
21. Qc1 Qb7 22. h3 h6 23. Qc2 Bd6 24. Qc1 Nf6 25. Qa1 Qe7 26. Nc3 d4 27. Nb5
dxe3 28. Nxd6 exf2+ 29. Kxf2 Qxd6 30. Bxe5 Qd2+ 31. Kg1 Ne4 32. Bd4 a6 33. a4
f5 34. Bb6 Qb4 35. a5 Qxb3 36. Qf1 Ng3 37. Qxa6 f4 38. Kh2 Qb1 39. Qc4+ Kh7 40.
Qxf4 Nf1+ 41. Kg1 Nd2+ 1/2-1/2

[Event "8. Open Internacional Miquel Mas"]
[Site "Figueres ESP"]
[Date "2007.08.12"]
[Round "6.7"]
[White "Roeder, Mathias"]
[Black "Bernard, Jacques"]
[Result "1-0"]
[WhiteElo "2444"]
[BlackElo "2242"]
[PlyCount "57"]
[EventDate "2007.08.08"]
[EventType "swiss"]
[EventRounds "9"]
[EventCountry "ESP"]
[Source "lmi"]
[SourceDate "2007.08.08"]

1. Nf3 f5 2. c4 Nf6 3. g3 g6 4. Bg2 Bg7 5. O-O O-O 6. Nc3 d6 7. d4 Qe8 8. d5 a5
9. Nd4 Na6 10. b3 Bd7 11. Rb1 c6 12. Bb2 Nc7 13. dxc6 bxc6 14. Na4 e5 15. Nc2
Qe6 16. Nb6 Ra6 17. Nxd7 Nxd7 18. Qd2 d5 19. Bc3 Rfa8 20. f4 Nb6 21. fxe5 Bxe5
22. Bxe5 Qxe5 23. Nd4 dxc4 24. Nxc6 Qc5+ 25. Qd4 Qxd4+ 26. Nxd4 Rd8 27. Nc6 Rd2
28. bxc4 Rxe2 29. Nb8 1-0

[Event "8. Open Internacional Miquel Mas"]
[Site "Figueres ESP"]
[Date "2007.08.12"]
[Round "6.9"]
[White "Parals, Lluis"]
[Black "Ramiro Ovejero, Juan Luis"]
[Result "0-1"]
[WhiteElo "2087"]
[BlackElo "2329"]
[PlyCount "58"]
[EventDate "2007.08.08"]
[EventType "swiss"]
[EventRounds "9"]
[EventCountry "ESP"]
[Source "lmi"]
[SourceDate "2007.08.08"]

1. Nf3 Nc6 2. d4 d5 3. g3 Bg4 4. Bg2 e6 5. c4 Nf6 6. Ne5 Bb4+ 7. Nc3 O-O 8.
Nxg4 Nxg4 9. e4 Nf6 10. cxd5 exd5 11. e5 Ne4 12. Qd3 f6 13. O-O Bxc3 14. bxc3
fxe5 15. Ba3 Re8 16. Qb5 Nxc3 17. Qxb7 Nxd4 18. Bc5 c6 19. Bxd4 Ne2+ 20. Kh1
Nxd4 21. f4 Qe7 22. Qa6 e4 23. Rad1 Nf5 24. Rfe1 Rac8 25. Bh3 Qe6 26. Kg1 Rc7
27. Qa5 Rf7 28. g4 Nh4 29. Rf1 Nf3+ 0-1

[Event "8. Open Internacional Miquel Mas"]
[Site "Figueres ESP"]
[Date "2007.08.12"]
[Round "6.12"]
[White "Gavilan Diaz, Mario"]
[Black "Casanellas, Lluis"]
[Result "0-1"]
[WhiteElo "2269"]
[BlackElo "2091"]
[PlyCount "42"]
[EventDate "2007.08.08"]
[EventType "swiss"]
[EventRounds "9"]
[EventCountry "ESP"]
[Source "lmi"]
[SourceDate "2007.08.08"]

1. e4 c5 2. Nf3 d6 3. d4 cxd4 4. Nxd4 Nf6 5. Nc3 a6 6. Bg5 e6 7. f4 Be7 8. Qf3
Qc7 9. O-O-O Nbd7 10. g4 b5 11. Bxf6 Bxf6 12. Bxb5 Rb8 13. Qd3 O-O 14. Bxd7
Bxd7 15. Nde2 Qb6 16. b3 Bb5 17. Nxb5 axb5 18. Qxd6 Qe3+ 19. Qd2 Qxe4 20. Ng3
Qa8 21. Kb1 Qxa2+ 0-1